All Countries That Ever Reached The Finals At FIFA World Cup - Statistics

General Stats
  • This quiz has been taken 65 times
  • The average score is 11 of 13
Answer Stats
Times Answer % Of Wins % Correct
7 Brazil 72%
100%
8 Germany 50%
100%
6 Italy 67%
100%
6 Argentina 50%
96%
4 France 50%
96%
1 Spain 100%
96%
2 Uruguay 100%
96%
3 Netherlands 0%
95%
1 England 100%
91%
1 Croatia 0%
79%
1 Sweden 0%
79%
2 Hungary 0%
63%
1 Czechoslovakia 0%
47%
No matching quizzes found
Score Distribution
Percent of People with Each Score
Percentile by Number Answered
Your Score History
You have not taken this quiz